Business leases: rent arrears - insolvency and escrow (Record no. 118490)

MARC details
000 -LEADER
fixed length control field 01341cam a2200289 4500
001 - CONTROL NUMBER
control field ABS68652
008 - FIXED-LENGTH DATA ELEMENTS--GENERAL INFORMATION
fixed length control field 050126n2005 000 0 eng u
035 ## - SYSTEM CONTROL NUMBER
System control number (Sirsi) u128618
245 ## - TITLE STATEMENT
Title Business leases: rent arrears - insolvency and escrow
260 ## - PUBLICATION, DISTRIBUTION, ETC.
Date of publication, distribution, etc. 2005
490 ## - SERIES STATEMENT
Series statement Commercial Leases
Volume/sequential designation 19(1) January 2005, 935-938(4)
520 ## - SUMMARY, ETC.
Summary, etc. Discusses the case "Dyment v Boyden" ([2004] EWCA Civ 1586, Times 2 December 2004), regarding the delivery of a deed in escrow. An escrow is an instrument that is delivered so that it does not take effect as a deed until certain conditions are met. Only once the conditions are met will it become a deed. The case also raises a novel application of the Companies Act 1985 s151. Sets out the general legal principles in relation to case law.
590 ## - LOCAL NOTE (RLIN)
Local note ABS
590 ## - LOCAL NOTE (RLIN)
Local note ABS
650 ## - SUBJECT ADDED ENTRY--TOPICAL TERM
Topical term or geographic name entry element DYMENT (AUDREY) V PATRICK BOYDEN (1) EVAN BISHOP(2) PAUL BISHOP(3)
650 ## - SUBJECT ADDED ENTRY--TOPICAL TERM
Topical term or geographic name entry element RENT ARREARS
650 ## - SUBJECT ADDED ENTRY--TOPICAL TERM
Topical term or geographic name entry element Insolvency
9 (RLIN) 6247
650 ## - SUBJECT ADDED ENTRY--TOPICAL TERM
Topical term or geographic name entry element ESCROW
650 ## - SUBJECT ADDED ENTRY--TOPICAL TERM
Topical term or geographic name entry element COMPANIES ACT 1985 S151
650 ## - SUBJECT ADDED ENTRY--TOPICAL TERM
Topical term or geographic name entry element BELSEY V HALLWOOD ESTATES
650 ## - SUBJECT ADDED ENTRY--TOPICAL TERM
Topical term or geographic name entry element SECURITY TRUST CO V ROYAL BANK OF CANADA
650 ## - SUBJECT ADDED ENTRY--TOPICAL TERM
Topical term or geographic name entry element TERRAPIN INTERNATIONAL V IRC
650 ## - SUBJECT ADDED ENTRY--TOPICAL TERM
Topical term or geographic name entry element ALAN ESTATES V W G STORES
650 ## - SUBJECT ADDED ENTRY--TOPICAL TERM
Topical term or geographic name entry element ANSETT TRANSPORT V COMPTROLLER OF STAMPS
690 ## - LOCAL SUBJECT ADDED ENTRY--TOPICAL TERM (OCLC, RLIN)
Topical term or geographic name as entry element LANDLORD AND TENANT-BUSINESS TENANCIES
942 ## - ADDED ENTRY ELEMENTS (KOHA)
Suppress in OPAC 0
Holdings
Withdrawn status Lost status Source of classification or shelving scheme Damaged status Not for loan Home library Current library Shelving location Date acquired Total Checkouts Full call number Barcode Date last seen Copy number Price effective from Koha item type
    Dewey Decimal Classification     London London Journal article 26/01/2005   ABS68652 128618-1001 06/08/2019 1 06/08/2019 Journal article